Plants - sudden death - Statistics

General Stats
  • This quiz has been taken 929 times
  • The average score is 8 of 25
Answers on the Grid
Answers color-coded by a green-red scale on the quiz's grid according to % correct below.
Robin
Hare
Beech
Grass
Amoeba
Dogwood
Cinnamon jellybaby
Sequoia
Sneezewort
Truffle
Toadstool
Oyster
Cholera
Hyacinth
Bacteria
Sloth
Sponge
Mother-in-law's tongue
Black bat flower
Dog vomit slime mold
Oak
Daisy
Sausage tree
Loose smut
Virus
Violet
Mushroom
Fern
Ivy
Willow
Algae
Yeast
Sea cucumber
Hazel
Mahogany
Mulberry
Lichen
Douglas fir
Anemone
Coral
Sea anemone
Myrtle
Jacaranda
Seaweed
Sea urchin
Catmint
Moss
Rudbeckia
 
Answer Stats
Answer % Correct
Grass
76%
Sequoia
61%
Beech
52%
Daisy
49%
Oak
49%
Dogwood
48%
Ivy
48%
Fern
43%
Violet
43%
Hyacinth
39%
Willow
38%
Mulberry
29%
Douglas fir
24%
Hazel
24%
Moss
23%
Myrtle
23%
Mahogany
22%
Sneezewort
21%
Mother-in-law's tongue
20%
Catmint
19%
Black bat flower
13%
Jacaranda
13%
Rudbeckia
11%
A.k.a. kigelia Sausage tree
9%
Anemone
8%
No matching quizzes found
Score Distribution
Percent of People with Each Score
Percentile by Number Answered
Your Score History
You have not taken this quiz